| 000 | 00640cam a22002293a 4500 | ||
|---|---|---|---|
| 001 | 34646 | ||
| 003 | PGUSA | ||
| 005 | 20140828083740.0 | ||
| 008 | 101214s2010||||xxu|||||s|||||000 | eng d | ||
| 040 |
_aPGUSA _beng |
||
| 042 | _adc | ||
| 050 | 4 | _aDL | |
| 100 | 1 |
_aBoyesen, Hjalmar Hjorth, _d1848-1895 |
|
| 245 | 1 | 4 |
_aThe Story of Norway _h[electronic resource] / _cHjalmar Hjorth Boyesen |
| 260 |
_bProject Gutenberg, _c2010 |
||
| 506 | _aPublic domain in the USA. | ||
| 516 | _aElectronic text | ||
| 653 | _aNorway -- History | ||
| 830 | 0 |
_aProject Gutenberg _v34646 |
|
| 856 | 4 | 0 | _uhttp://www.gutenberg.org/ebooks/34646 |
| 942 | _cEB | ||
| 999 |
_c263901 _d263901 |
||